=LDR 00000nam 2200000 4500 =001 INLIS000000000010946 =005 20130612102543 =008 ***********************************Ind** =035 ##$$0010-061300000010946 =041 ##$$a Ind =082 ##$$a 678 =090 ##$$a 678, Ali.P =100 ##$$a Aliman, D =245 ##$$a petunjuk membuat sepatu, Daliman =260 ##$$a 1980 $b Jakarta =300 ##$$a 59hlm, ilus, 21 =650 ##$$a Teknik membuat Sepatu =850 ##$$a NBPNMAT